[Event "SA-2019-0-00698"]
[Site "LSS email"]
[Date "2019.09.14"]
[Round "?"]
[White "Paluch, Andrzej"]
[Black "Muniz Pardino, Alberto"]
[Result "1/2-1/2"]
[WhiteElo "2133"]
[BlackElo "2300"]
[PlyCount "92"]
[EventDate "2019.08.02"]
[EventType "tourn (corr)"]
[EventRounds "6"]
[EventCountry "GER"]
[SourceTitle "Corr 2022"]
[Source "ChessBase"]
[SourceDate "2021.10.24"]
[SourceVersion "1"]
[SourceVersionDate "2021.10.24"]
[SourceQuality "1"]

1. e4 c5 2. Nf3 d6 3. d4 cxd4 4. Nxd4 Nf6 5. Nc3 a6 6. Be3 e5 7. Nb3 Be6 8. f3 h5 9. Nd5 Bxd5 10. exd5 Nbd7 11. Qd2 g6 12. Be2 Bg7 13. 0-0 b6 14. c4 0-0 15. Rae1 Re8 16. Kh1 Rc8 17. Qd1 a5 18. Bg5 Qc7 19. Be3 h4 20. Bg5 h3 21. gxh3 Nh5 22. h4 Ndf6 23. Nd2 Nf4 24. Ne4 N6h5 25. b3 Bf8 26. Bxf4 Nxf4 27. h5 Nxh5 28. f4 Nxf4 29. Bg4 Qe7 30. Bxc8 Rxc8 31. Qf3 Bh6 32. Qe3 Rb8 33. Nc3 Qf8 34. Qg3 Kh7 35. Qh4 Kg7 36. Rf3 f5 37. Qf2 Qd8 38. Rg1 Qf6 39. Rf1 Rb7 40. Rg3 g5 41. Na4 b5 42. Nc3 bxc4 43. bxc4 g4 44. c5 dxc5 45. Qxc5 Bg5 46. Nd1 Qa6 1/2-1/2

[Event "RA-2019-0-00634"]
[Site "LSS email"]
[Date "2019.09.01"]
[Round "?"]
[White "Eman, Juan"]
[Black "Paluch, Andrzej"]
[Result "1/2-1/2"]
[WhiteElo "2259"]
[BlackElo "2138"]
[PlyCount "63"]
[EventDate "2019.07.22"]
[EventType "tourn (corr)"]
[EventRounds "6"]
[EventCountry "GER"]
[SourceTitle "Corr 2022"]
[Source "ChessBase"]
[SourceDate "2021.10.24"]
[SourceVersion "1"]
[SourceVersionDate "2021.10.24"]
[SourceQuality "1"]

1. e4 c5 2. Nf3 d6 3. d4 cxd4 4. Nxd4 Nf6 5. Nc3 a6 6. Rg1 b5 7. g4 Bb7 8. Bg2 Nfd7 9. Be3 e6 10. f4 Nb6 11. Qe2 N8d7 12. g5 Rc8 13. 0-0-0 Rxc3 14. bxc3 Na4 15. Qe1 Ndb6 16. Kb1 Nc4 17. Ka1 g6 18. f5 e5 19. Nb3 Qa8 20. fxg6 hxg6 21. Bc1 Rxh2 22. Qg3 Rh8 23. Qd3 Qa7 24. Rh1 Rxh1 25. Rxh1 Qf2 26. Bh3 Be7 27. Rf1 Qh2 28. Bg4 Qg2 29. Bf3 Qg3 30. Bh1 Qg4 31. Bf3 Qg3 32. Bh1 1/2-1/2

[Event "SA-2019-0-00675"]
[Site "LSS email"]
[Date "2019.03.18"]
[Round "?"]
[White "Paluch, Andrzej"]
[Black "Langeveld, Michel"]
[Result "1/2-1/2"]
[WhiteElo "2064"]
[BlackElo "2172"]
[PlyCount "67"]
[EventDate "2019.02.25"]
[EventType "tourn (corr)"]
[EventRounds "6"]
[EventCountry "GER"]
[SourceTitle "Corr 2022"]
[Source "ChessBase"]
[SourceDate "2021.10.24"]
[SourceVersion "1"]
[SourceVersionDate "2021.10.24"]
[SourceQuality "1"]

1. e4 c5 2. Nf3 d6 3. d4 cxd4 4. Nxd4 Nf6 5. Nc3 a6 6. h3 e6 7. g4 h6 8. Bg2 Be7 9. Be3 Nc6 10. f4 Nd7 11. 0-0 Nxd4 12. Qxd4 0-0 13. Qd2 b5 14. e5 d5 15. Ne2 Bb7 16. a3 Nb6 17. Qc1 Rc8 18. Nd4 a5 19. Bf2 Nd7 20. Qd2 Nc5 21. Rfd1 f6 22. b4 axb4 23. axb4 fxe5 24. fxe5 Ne4 25. Nxe6 Rxf2 26. Qxf2 Nxf2 27. Nxd8 Nxd1 28. Nxb7 Ne3 29. Nd6 Rxc2 30. Bf1 Nxf1 31. Kxf1 Bxd6 32. exd6 Kf7 33. Rd1 Ke8 34. Rxd5 1/2-1/2

[Event "RA-2019-0-00611"]
[Site "LSS email"]
[Date "2019.01.04"]
[Round "?"]
[White "Paluch, Andrzej"]
[Black "Misericordia, Antonio"]
[Result "1/2-1/2"]
[WhiteElo "2006"]
[BlackElo "2390"]
[PlyCount "134"]
[EventDate "2018.11.27"]
[EventType "tourn (corr)"]
[EventRounds "6"]
[EventCountry "GER"]
[SourceTitle "Corr 2022"]
[Source "ChessBase"]
[SourceDate "2021.10.24"]
[SourceVersion "1"]
[SourceVersionDate "2021.10.24"]
[SourceQuality "1"]

1. e4 c5 2. Nf3 e6 3. c3 Nf6 4. e5 Nd5 5. g3 d6 6. exd6 Bxd6 7. Bg2 0-0 8. d4 Nc6 9. 0-0 cxd4 10. Nxd4 Nxd4 11. Qxd4 Qc7 12. c4 Bc5 13. Qd3 Nb4 14. Qe2 e5 15. Nc3 Be6 16. b3 Rad8 17. Bg5 f6 18. Be3 Bxe3 19. fxe3 Qc8 20. Rad1 Rxd1 21. Rxd1 Bg4 22. Bf3 Bxf3 23. Qxf3 f5 24. Qe2 h6 25. Qd2 f4 26. exf4 exf4 27. Ne4 Qg4 28. Rf1 a5 29. a3 Nc6 30. Qd5+ Kh8 31. Qd6 Rf7 32. Rxf4 Rxf4 33. Qxf4 Qd1+ 34. Kf2 Nd4 35. Kg2 Qxb3 36. Qf8+ Kh7 37. Nf6+ Kg6 38. Ng4 Kh7 39. Qf7 Qc2+ 40. Kh3 Qg6 41. Ne5 Qg5 42. Nf3 Nxf3 43. Qxf3 Qg6 44. Qd5 b6 45. c5 bxc5 46. Qxc5 Qe6+ 47. Kg2 Qe2+ 48. Kh3 Qf1+ 49. Kg4 Qd1+ 50. Kf4 Qf1+ 51. Ke4 Qe2+ 52. Kf4 Qd2+ 53. Kf3 Qd3+ 54. Kg2 Qe2+ 55. Kh3 Qe6+ 56. Kg2 Qe4+ 57. Kh3 a4 58. Qd6 h5 59. Qf4 Qe6+ 60. g4 hxg4+ 61. Qxg4 Qb3+ 62. Qg3 Kh6 63. Kh4 Qc4+ 64. Qg4 g5+ 65. Kh3 Qb3+ 66. Qg3 Kh5 67. Kg2 Qc2+ 1/2-1/2

[Event "SB-2018-0-00558"]
[Site "LSS email"]
[Date "2018.12.24"]
[Round "?"]
[White "Simpson, Ralph"]
[Black "Paluch, Andrzej"]
[Result "1/2-1/2"]
[WhiteElo "2069"]
[BlackElo "2006"]
[PlyCount "57"]
[EventDate "2018.11.20"]
[EventType "tourn (corr)"]
[EventRounds "6"]
[EventCountry "GER"]
[SourceTitle "Corr 2022"]
[Source "ChessBase"]
[SourceDate "2021.10.24"]
[SourceVersion "1"]
[SourceVersionDate "2021.10.24"]
[SourceQuality "1"]

1. d4 Nf6 2. Nf3 g6 3. e3 Bg7 4. c4 0-0 5. Be2 c5 6. d5 e6 7. 0-0 d6 8. Nc3 exd5 9. cxd5 Na6 10. Nd2 Nc7 11. e4 Re8 12. a4 Rb8 13. f3 a6 14. a5 Nd7 15. Nc4 Ne5 16. Ne3 Nd7 17. Bd2 b5 18. axb6 Nxb6 19. Qc1 Ra8 20. Kh1 Bd7 21. Bd3 Nb5 22. Ne2 Nd4 23. Nxd4 cxd4 24. Nc2 Bb5 25. Bxb5 axb5 26. Rxa8 Qxa8 27. Nb4 Nc4 28. Bf4 Qa4 29. Nd3 1/2-1/2